000 00572nam a2200193Ia 4500
005 20250508164807.0
008 008 250505s9999 xx 000 0 eng d
037 _aTheses
040 _aFEDL
_beng
_cFEDL
041 _aeng
_2eng
084 _a370.1, SET/TH
_qFEDL
100 _aSethi Rashmi
_9533424
245 0 _aStudy of facets of integral philosophy of Sri Aurobindo and their educational ramification
260 _c1998
300 _a202p.
546 _aPH.D Thesis (Delhi University)
942 _cTH
_h370.1, SET/TH
999 _c1391215
_d1391215